000 01656cam a22002174a 4500
005 20250605164019.0
008 250528s ||||||||||||||||||||||||d
035 _a16255
020 _a556497
040 _aGR-AtMCL
_bgre
_dGR-AtMCL
_eAACR2
245 1 _aStrength of Materials / Elementary Theory and Problems: Part I
250 _a3rd
260 _bD. Van Nostrand Company,
_c1966
300 _a444
505 0 _aTension and Compression within the Elastic Limit, Analysis of Stress and Strain, Bending Moment and Shearing Force, Stresses in Laterally Loaded Symmetrical Beams, Deflection of Laterally Loaded Symmetrical Beams, Statically Indeterminate Problems in Bending, Symmetrical Beams of Variable Cross Section Beams of Two Materials, Bending of Beams in a Plane Which is Not a Plane of Symmetry, Combined Bending and Axial Load - Theory of Columns, Torsion and Combined Bending and Torsion, Strain Energy and Impact, Curved Bars, Appendices, Author and Subject Index.
520 _aTension and Compression within the Elastic Limit, Analysis of Stress and Strain, Bending Moment and Shearing Force, Stresses in Laterally Loaded Symmetrical Beams, Deflection of Laterally Loaded Symmetrical Beams, Statically Indeterminate Problems in Bending, Symmetrical Beams of Variable Cross Section Beams of Two Materials, Bending of Beams in a Plane Which is Not a Plane of Symmetry, Combined Bending and Axial Load - Theory of Columns, Torsion and Combined Bending and Torsion, Strain Energy and Impact, Curved Bars, Appendices, Author and Subject Index.
700 1 _aTimoshenko S
_92340
942 _cBK
999 _c1773
_d1773